<?xml version="1.0" encoding="utf-8"?>
<?xml-stylesheet type='text/xsl' href='./oai2.xsl'?>
<OAI-PMH xmlns="http://www.openarchives.org/OAI/2.0/" xmlns:xsi="http://www.w3.org/2001/XMLSchema-instance" xsi:schemaLocation="http://www.openarchives.org/OAI/2.0/ http://www.openarchives.org/OAI/2.0/OAI-PMH.xsd">
  <responseDate>2026-05-15T19:22:35Z</responseDate>
  <request verb="GetRecord" metadataPrefix="marcxml" identifier="record_kuniweb_948240">https://kulturerbe.niedersachsen.de/oai</request>
  <GetRecord>
    <record>
      <header>
        <identifier>record_kuniweb_948240</identifier>
        <datestamp>2018-03-26T07:18:59Z</datestamp>
        <setSpec>slg0198</setSpec>
      </header>
      <metadata>
        <marc:record xmlns:marc="http://www.loc.gov/MARC21/slim" xsi:schemaLocation="http://www.loc.gov/MARC21/slim http://www.loc.gov/standards/marcxml/schema/MARC21slim.xsd">
          <marc:leader>12345nkm  22     uu 4500</marc:leader>
          <marc:controlfield tag="001">948240</marc:controlfield>
          <marc:controlfield tag="003">http://kuniweb.gbv.de</marc:controlfield>
          <marc:controlfield tag="005">2018-03-20T12:58:39</marc:controlfield>
          <marc:controlfield tag="008">|           ||||||||||||||||||||||</marc:controlfield>
          <marc:datafield tag="245" ind1="1" ind2="0">
            <marc:subfield code="a">Süschendorf</marc:subfield>
          </marc:datafield>
          <marc:datafield tag="655" ind1=" " ind2="7">
            <marc:subfield code="a">Plakate</marc:subfield>
          </marc:datafield>
          <marc:datafield tag="046" ind1=" " ind2=" ">
            <marc:subfield code="k">2001</marc:subfield>
            <marc:subfield code="k">2001</marc:subfield>
          </marc:datafield>
          <marc:datafield tag="260" ind1=" " ind2=" ">
            <marc:subfield code="g">2001</marc:subfield>
            <marc:subfield code="g">2001</marc:subfield>
          </marc:datafield>
          <marc:datafield tag="300" ind1=" " ind2=" ">
            <marc:subfield code="a">Höhe: 41,35 cm
Breite: 31,41 cm</marc:subfield>
          </marc:datafield>
          <marc:datafield tag="520" ind1=" " ind2=" ">
            <marc:subfield code="a">Vier Umweltaktivisten hatten sich in der Nacht vom 27. auf den 28. März 2001 bei Süschendorf im Gleisbett festgeschlossen, den Atomzug gestoppt und den Zeitplan damit erheblich durcheinander gebracht. Auch rund acht Stunden nach Beginn der Gleisblockade hatte die Polizei die Castor-Strecke nach Dannenberg nicht frei bekommen. Das erste Mal in der Geschichte der Atommülltransporte musste sich ein Zug voller Castorbehälter zurückziehen. Stundenlang werden weder Journalisten noch Ärzte zu der Aktion durchgelassen. In der Nacht beschlagnahmte die Polizei 30 Motorräder des Motorradclubs „IDAS“ und verhaftet deren FahrerInnen. In den frühen Morgenstunden des 28. März wurde der Castor-Zug im Bahnhof Dahlenburg "geparkt“, in einem Abstand von 25m zu einem Wohnhaus. Im Laufe der Aktion wurden ca. 1.500 Menschen verhaftet oder in Gewahrsam genommen. 17 Stunden dauerte diese Gleisblockade. 
Die vier AtomkraftgegnerInnen – drei WendländerInnen und ein Aktivist von Robin Wood wurden vor Gericht gestellt. 

Schlagworte: 
Gorleben, Atomkraft, Atommüll, Atomtransport, Castor, Castortransport, Demonstration, Blockade, Gleis, Schiene, Verkehr, Süschendorf, Robin Wood. 
 (Gorleben Archiv / Birgit Huneke)

Foto der Gleisblockade in Süschendorf. 
Text: 
27.03.2001 Süschendorf
Foto: Hinrich Schultze
Robin Wood (Robin Wood)

Verwendungszweck:
Protest gegen die Atomanlagen in Gorleben</marc:subfield>
          </marc:datafield>
          <marc:datafield tag="650" ind1="1" ind2=" ">
            <marc:subfield code="a">Protest</marc:subfield>
          </marc:datafield>
          <marc:datafield tag="650" ind1="1" ind2=" ">
            <marc:subfield code="a">Widerstand</marc:subfield>
          </marc:datafield>
          <marc:datafield tag="650" ind1="1" ind2=" ">
            <marc:subfield code="a">Kernenergie</marc:subfield>
          </marc:datafield>
          <marc:datafield tag="650" ind1="1" ind2=" ">
            <marc:subfield code="a">Plakate</marc:subfield>
          </marc:datafield>
          <marc:datafield tag="773" ind1="0" ind2=" ">
            <marc:subfield code="t">Plakate - Sammlung. Protestkultur gegen die Atomanlagen in Gorleben</marc:subfield>
          </marc:datafield>
          <marc:datafield tag="852" ind1=" " ind2=" ">
            <marc:subfield code="a">Gorleben Archiv e.V.</marc:subfield>
          </marc:datafield>
          <marc:datafield tag="" ind1=" " ind2=" ">
            <marc:subfield code="a">Rechte vorbehalten – Freier Zugang</marc:subfield>
          </marc:datafield>
        </marc:record>
      </metadata>
    </record>
  </GetRecord>
</OAI-PMH>
